[Event "SweCh Jun"]
[Site "Umeå, Sweden"]
[Date "2003.07.03"]
[Round "5"]
[White "Semcesen, Daniel"]
[Black "Janse, Love"]
[Result "1-0"]
[WhiteElo "2195"]
[BlackElo "2152"]
[PlyCount "75"]
[EventDate "2003.06.29"]
[SourceDate "2003.06.29"]

1. e4 g6 2. Nf3 Bg7 3. d3 d6 4. g3 e5 5. Bg2 c6 6. O-O Ne7 7. Nbd2 O-O 8. c3 f5
9. b4 f4 10. d4 Be6 11. dxe5 dxe5 12. Ng5 Qc8 13. Nxe6 Qxe6 14. Qb3 Qxb3 15.
Nxb3 Nd7 16. Bh3 Rfd8 17. a4 b6 18. a5 Nf6 19. Re1 g5 20. Be6+ Kf8 21. Bb2 Ng6
22. f3 Ke7 23. Bf5 Kf7 24. c4 fxg3 25. hxg3 Nh5 26. Kf2 bxa5 27. Rxa5 Rd3 28.
Nc1 Rd2+ 29. Re2 Rd6 30. Nb3 h6 31. Ra6 Ne7 32. Bh3 Rb8 33. Rxa7 Bf6 34. Nc5
Rxb4 35. Ba3 Rxc4 36. Nd7 Rd3 37. Bxe7 Rcc3 38. Bg4 1-0

[Event "SweCh Jun"]
[Site "Umeå, Sweden"]
[Date "2003.07.03"]
[Round "5"]
[White "Åsberg, Anders"]
[Black "Wallin, Dennis"]
[Result "1/2-1/2"]
[WhiteElo "2097"]
[BlackElo "2259"]
[PlyCount "60"]
[EventDate "2003.06.29"]
[SourceDate "2003.06.29"]

1. e4 c6 2. d4 d5 3. Nf3 Bg4 4. e5 e6 5. c3 Qb6 6. Be2 Ne7 7. b3 c5 8. O-O Nd7
9. Bb2 Nc6 10. Nbd2 cxd4 11. cxd4 Be7 12. Re1 O-O 13. h3 Bh5 14. a3 f6 15. exf6
Bxf6 16. Ne5 Bxe5 17. Bxh5 Bxd4 18. Bxd4 Nxd4 19. Nf3 Nxf3+ 20. Bxf3 Kh8 21.
Ra2 Rf6 22. Rae2 Raf8 23. b4 h6 24. Qd2 Rd8 25. a4 a5 26. bxa5 Qd6 27. Rb1 Ne5
28. Bh5 Nc4 29. Qc3 Qa6 30. Rb5 Nd6 1/2-1/2

[Event "SweCh Jun"]
[Site "Umeå, Sweden"]
[Date "2003.07.03"]
[Round "5"]
[White "Andersson Fraenkel, Mikael"]
[Black "Gustafsson, Stefan"]
[Result "0-1"]
[WhiteElo "2074"]
[BlackElo "1888"]
[PlyCount "90"]
[EventDate "2003.06.29"]
[SourceDate "2003.06.29"]

1. e4 e6 2. d4 d5 3. Nc3 Bb4 4. e5 c5 5. Bd2 Ne7 6. Nb5 Bxd2+ 7. Qxd2 O-O 8. c3
Nbc6 9. O-O-O a6 10. Nd6 Qa5 11. Kb1 cxd4 12. cxd4 Qxd2 13. Rxd2 Nf5 14. Nxf5
exf5 15. Nf3 Be6 16. Be2 Rac8 17. Rc1 f4 18. Rc3 Nb4 19. Ne1 Bf5+ 20. Bd3 Nxd3
21. Nxd3 Rc4 22. Kc1 Rxc3+ 23. bxc3 Bxd3 24. Rxd3 Rc8 25. Kb2 Rc6 26. Kc2 Kf8
27. Rd1 Rh6 28. h3 Rg6 29. Rg1 Ke7 30. g3 fxg3 31. Rxg3 Rxg3 32. fxg3 Kd7 33.
Kd3 Kc6 34. g4 g6 35. h4 h6 36. Kc2 b5 37. Kb3 a5 38. a4 Kb6 39. axb5 Kxb5 40.
g5 h5 41. c4+ dxc4+ 42. Kc3 a4 43. d5 a3 44. e6 fxe6 45. dxe6 Kc6 0-1

[Event "SweCh Jun"]
[Site "Umeå, Sweden"]
[Date "2003.07.03"]
[Round "5"]
[White "Frisk, Markus"]
[Black "Thurn, Magnus"]
[Result "1/2-1/2"]
[WhiteElo "1898"]
[BlackElo "2122"]
[PlyCount "117"]
[EventDate "2003.06.29"]
[SourceDate "2003.06.29"]

1. d4 e6 2. c4 d5 3. Nc3 Nf6 4. Bg5 Nbd7 5. e3 Be7 6. Nf3 O-O 7. Qc2 c6 8. Rd1
Re8 9. a3 a5 10. Bd3 dxc4 11. Bxc4 b5 12. Be2 b4 13. axb4 axb4 14. Na4 Qa5 15.
b3 Bb7 16. O-O h6 17. Bh4 Bf8 18. Nd2 Nd5 19. Nc4 Qa7 20. Ra1 c5 21. dxc5 Nxc5
22. Ra2 Nxa4 23. Rxa4 Qc5 24. Rxa8 Rxa8 25. Bf3 Bc6 26. Qe4 Rc8 27. Qg4 Bb5 28.
Be2 Nc3 29. Rc1 Nxe2+ 30. Qxe2 Bxc4 31. Rxc4 Qb5 32. f3 Rxc4 33. bxc4 Qa4 34.
Be1 b3 35. Bc3 Ba3 36. f4 Qc6 37. Qg4 Bf8 38. Qe2 Qe4 39. Kf2 h5 40. Bd4 Ba3
41. c5 Qc2 42. Kf3 Kh7 43. h3 Bxc5 44. Qxc2+ bxc2 45. Bb2 Kg6 46. g4 Bd6 47.
Bc1 hxg4+ 48. hxg4 f6 49. e4 Kf7 50. Ke2 f5 51. gxf5 exf5 52. e5 Bc7 53. Kd3 g5
54. fxg5 Bxe5 55. Kxc2 Kg6 56. Kd3 Bg3 57. Ke2 Bh4 58. Kf3 Bxg5 59. Ba3 1/2-1/2

[Event "SweCh Jun"]
[Site "Umeå, Sweden"]
[Date "2003.07.04"]
[Round "6"]
[White "Janse, Love"]
[Black "Frisk, Markus"]
[Result "1/2-1/2"]
[WhiteElo "2082"]
[BlackElo "1898"]
[PlyCount "42"]
[EventDate "2003.06.29"]
[SourceDate "2003.06.29"]

1. e4 c5 2. f4 Nc6 3. Nf3 e6 4. Bb5 Nge7 5. O-O a6 6. Be2 g6 7. Nc3 Bg7 8. d3
O-O 9. Qe1 b6 10. Qh4 f5 11. Ng5 h6 12. Nf3 d5 13. Bd2 Bb7 14. Rad1 Nb4 15. Ne1
d4 16. Nb1 fxe4 17. Bxb4 cxb4 18. dxe4 Bxe4 19. Nd2 Bd5 20. g4 Qc7 21. Nd3 Nc6
1/2-1/2

[Event "SweCh Jun"]
[Site "Umeå, Sweden"]
[Date "2003.07.04"]
[Round "6"]
[White "Wallin, Dennis"]
[Black "Norberg, Johan"]
[Result "1-0"]
[WhiteElo "2259"]
[BlackElo "2245"]
[PlyCount "83"]
[EventDate "2003.06.29"]
[SourceDate "2003.06.29"]

1. d4 d6 2. Nf3 g6 3. c4 Bg7 4. Nc3 Nf6 5. e4 O-O 6. h3 e5 7. Bg5 c6 8. d5 Na6
9. Bd3 Qc7 10. O-O Nh5 11. Ne1 Nf4 12. Qd2 Nxd3 13. Nxd3 f5 14. f3 c5 15. Nb5
Qd7 16. b4 cxb4 17. Be3 b6 18. Nxb4 Nc5 19. Bxc5 bxc5 20. Nc6 a6 21. Nc3 Qc7
22. Rab1 Bd7 23. Rb2 fxe4 24. Nxe4 Bxc6 25. dxc6 Qxc6 26. Rfb1 Kh8 27. Rb6 Qa4
28. Qd5 Ra7 29. Rb8 Qc2 30. Qxd6 Raf7 31. Qd5 Rf4 32. R8b2 Qa4 33. Qxc5 h6 34.
Qd5 Kh7 35. Kh2 Qa3 36. c5 Qe3 37. c6 Rxf3 38. gxf3 Rxf3 39. Kg2 Rf4 40. Ng3 e4
41. c7 Bxb2 42. Rxb2 1-0

[Event "SweCh Jun"]
[Site "Umeå, Sweden"]
[Date "2003.07.04"]
[Round "6"]
[White "Thurn, Magnus"]
[Black "Åsberg, Anders"]
[Result "1-0"]
[WhiteElo "2122"]
[BlackElo "2097"]
[PlyCount "53"]
[EventDate "2003.06.29"]
[SourceDate "2003.06.29"]

1. e4 c5 2. Nc3 Nc6 3. g3 e6 4. Bg2 Nf6 5. Nge2 Be7 6. d4 cxd4 7. Nxd4 O-O 8.
O-O d5 9. exd5 Nxd5 10. Nxd5 exd5 11. c3 Bf6 12. Be3 Re8 13. Qb3 Re5 14. Rad1
Na5 15. Qc2 Bg4 16. Rd3 Nc4 17. Re1 Qe7 18. b3 Nd6 19. h3 Bf5 20. Nxf5 Nxf5 21.
Rxd5 Rxe3 22. fxe3 Nxe3 23. Qd3 Re8 24. Rd7 Qc5 25. b4 Qxc3 26. Qxc3 Bxc3 27.
Rxe3 1-0

[Event "SweCh Jun"]
[Site "Umeå, Sweden"]
[Date "2003.07.04"]
[Round "6"]
[White "Revelj, Oskar"]
[Black "Semcesen, Daniel"]
[Result "0-1"]
[WhiteElo "2148"]
[BlackElo "2333"]
[PlyCount "76"]
[EventDate "2003.06.29"]
[SourceDate "2003.06.29"]

1. e4 c5 2. Nf3 Nc6 3. d4 cxd4 4. Nxd4 Nf6 5. Nc3 e5 6. Ndb5 d6 7. Bg5 a6 8.
Na3 b5 9. Bxf6 gxf6 10. Nd5 f5 11. Bd3 Be6 12. O-O Bxd5 13. exd5 Ne7 14. Nxb5
Bg7 15. Nc3 e4 16. Bc4 O-O 17. Rb1 Qc8 18. Qe2 Ng6 19. Rfd1 Re8 20. Na4 f4 21.
Nb6 f3 22. Qf1 fxg2 23. Qxg2 Qc5 24. Nxa8 Qxc4 25. b3 Qc5 26. Re1 f5 27. Qh3
Rf8 28. c4 Ne5 29. Re2 Qa7 30. Kh1 Qxa8 31. Rg1 Qd8 32. Qh5 Nf3 33. Rd1 Rf6 34.
h3 Qc8 35. Rde1 Nxe1 36. Rxe1 Rh6 37. Qg5 f4 38. h4 Qh3+ 0-1

[Event "SweCh Jun"]
[Site "Umeå, Sweden"]
[Date "2003.07.04"]
[Round "6"]
[White "Andersson Fraenkel, Mikael"]
[Black "Ong, Kezli"]
[Result "0-1"]
[WhiteElo "2074"]
[BlackElo "2241"]
[PlyCount "82"]
[EventDate "2003.06.29"]
[SourceDate "2003.06.29"]

1. e4 e5 2. Nf3 Nc6 3. Bb5 a6 4. Ba4 Nf6 5. Qe2 b5 6. Bb3 Be7 7. c3 d6 8. O-O
O-O 9. a4 Bb7 10. d4 Re8 11. Rd1 Bf8 12. d5 Ne7 13. Nbd2 Qd7 14. c4 Ng6 15.
axb5 axb5 16. Rxa8 Rxa8 17. Nf1 bxc4 18. Bxc4 Qg4 19. Ng3 Nf4 20. Bxf4 exf4 21.
h3 Qd7 22. Bb5 Qe7 23. Nf5 Qxe4 24. Qxe4 Nxe4 25. Bc6 Rb8 26. Rb1 g6 27. N5d4
Bg7 28. b4 Nc3 29. Rc1 Nxd5 30. Bxd5 Bxd5 31. Rxc7 Rxb4 32. Rc8+ Bf8 33. Ne2 h6
34. Rc7 Bg7 35. Rc8+ Kh7 36. Rd8 Bxf3 37. gxf3 Be5 38. Kg2 Kg7 39. Ng1 g5 40.
Ne2 Rb2 41. Nc1 Bd4 0-1

[Event "SweCh Jun"]
[Site "Umeå, Sweden"]
[Date "2003.07.04"]
[Round "6"]
[White "Andersson, Fredrik"]
[Black "Nilsson, Sebastian"]
[Result "0-1"]
[WhiteElo "2282"]
[BlackElo "2198"]
[PlyCount "128"]
[EventDate "2003.06.29"]
[SourceDate "2003.06.29"]

1. e4 e6 2. d4 d5 3. Nc3 Bb4 4. e5 c5 5. a3 Bxc3+ 6. bxc3 Qc7 7. Qg4 Ne7 8.
Qxg7 Rg8 9. Qxh7 cxd4 10. Ne2 Nbc6 11. f4 Bd7 12. Qd3 dxc3 13. Nxc3 a6 14. Rb1
Na5 15. h4 Nf5 16. Rh3 O-O-O 17. h5 Nc4 18. Rb4 Bc6 19. h6 Rg6 20. h7 Rh8 21.
Qd1 b5 22. g4 Ne7 23. Bd3 Rg7 24. g5 Ng6 25. Qh5 Be8 26. Ne2 f5 27. Qf3 Rgxh7
28. Rxh7 Rxh7 29. Nd4 Ngxe5 30. fxe5 Nxe5 31. Qf1 Nxd3+ 32. Qxd3 Rh1+ 33. Kd2
Bh5 34. Nf3 Rh3 35. Rb3 Rxf3 36. Qxf3 Bxf3 37. Rc3 e5 38. Bb2 d4 39. Rxc7+ Kxc7
40. c3 dxc3+ 41. Bxc3 Kd6 42. g6 Bd5 43. g7 Bg8 44. Ke3 Ke6 45. Bb2 f4+ 46. Ke4
Bh7+ 47. Kf3 Kf5 48. Kf2 Bg8 49. Bc1 e4 50. Ke2 Bc4+ 51. Kf2 e3+ 52. Bxe3 fxe3+
53. Kxe3 Ke5 54. Kd2 Kd4 55. a4 b4 56. Kc2 a5 57. Kb2 Kd3 58. Kb1 Kc3 59. Ka1
b3 60. g8=Q Bxg8 61. Kb1 Bh7+ 62. Ka1 b2+ 63. Ka2 b1=Q+ 64. Ka3 Qa1# 0-1

[Event "SweCh Jun"]
[Site "Umeå, Sweden"]
[Date "2003.07.06"]
[Round "7"]
[White "Nilsson, Sebastian"]
[Black "Andersson Fraenkel, Mikael"]
[Result "1-0"]
[WhiteElo "2198"]
[BlackElo "2074"]
[PlyCount "43"]
[EventDate "2003.06.29"]
[SourceDate "2003.06.29"]

1. e4 c5 2. Nf3 Nc6 3. d4 cxd4 4. Nxd4 g6 5. Nc3 Bg7 6. Be3 Nf6 7. Bc4 Qa5 8.
O-O O-O 9. Bb3 d6 10. h3 Bd7 11. f4 Qh5 12. Nf3 b5 13. a3 a5 14. Qd3 Rfc8 15.
Ne2 Bh8 16. Ng3 Qh6 17. e5 Nh5 18. f5 Qg7 19. fxg6 Nxg3 20. Ng5 Bf5 21. Bxf7+
Kf8 22. Rxf5 1-0

[Event "SweCh Jun"]
[Site "Umeå, Sweden"]
[Date "2003.07.06"]
[Round "7"]
[White "Attaran, Sina"]
[Black "Wallin, Dennis"]
[Result "0-1"]
[WhiteElo "1909"]
[BlackElo "2259"]
[PlyCount "60"]
[EventDate "2003.06.29"]
[SourceDate "2003.06.29"]

1. d4 Nf6 2. Nf3 g6 3. e3 Bg7 4. b3 d5 5. Bb2 Ne4 6. c4 c6 7. Nfd2 Nxd2 8. Qxd2
O-O 9. Be2 f5 10. f4 e6 11. Nc3 Qh4+ 12. g3 Qe7 13. h3 b6 14. Bf3 Rd8 15. O-O
Ba6 16. Be2 dxc4 17. Bxc4 Bxc4 18. bxc4 e5 19. Ne2 Nd7 20. Qc2 exf4 21. exf4
Nf6 22. Rf3 Ne4 23. Rd1 Rd7 24. Kh2 Rad8 25. Kg2 Qe6 26. Rfd3 Nd6 27. Rc3 Re8
28. Kf1 c5 29. Qd3 cxd4 30. Nxd4 Bxd4 0-1

[Event "SweCh Jun"]
[Site "Umeå, Sweden"]
[Date "2003.07.06"]
[Round "7"]
[White "Norberg, Johan"]
[Black "Thurn, Magnus"]
[Result "1/2-1/2"]
[WhiteElo "2245"]
[BlackElo "2122"]
[PlyCount "46"]
[EventDate "2003.06.29"]
[SourceDate "2003.06.29"]

1. e4 e6 2. d4 d5 3. Nc3 dxe4 4. Nxe4 Bd7 5. Nf3 Bc6 6. Bd3 Nd7 7. O-O Ngf6 8.
Neg5 Bxf3 9. Nxf3 c6 10. c4 Be7 11. b3 O-O 12. Bb2 Re8 13. Qe2 Qc7 14. Ne5 Nf8
15. Rad1 Rad8 16. Bc3 a5 17. Qd2 Bb4 18. Bxb4 axb4 19. Qxb4 Rxd4 20. Qc5 Rdd8
21. Qe3 Ng6 22. Nxg6 hxg6 23. h3 Qa5 1/2-1/2

[Event "SweCh Jun"]
[Site "Umeå, Sweden"]
[Date "2003.07.06"]
[Round "7"]
[White "Ong, Kezli"]
[Black "Gustafsson, Stefan"]
[Result "1/2-1/2"]
[WhiteElo "2241"]
[BlackElo "1888"]
[PlyCount "60"]
[EventDate "2003.06.29"]
[SourceDate "2003.06.29"]

1. e4 e6 2. d4 d5 3. Nc3 Bb4 4. e5 c5 5. a3 Bxc3+ 6. bxc3 Qc7 7. Qg4 f5 8. Qh5+
g6 9. Qd1 Bd7 10. Nf3 Ba4 11. Bd2 Nd7 12. Bd3 c4 13. Be2 O-O-O 14. g4 fxg4 15.
Ng5 Nf8 16. Bxg4 Qe7 17. Nh3 h6 18. Nf4 Bd7 19. h4 Qg7 20. Qf3 Ne7 21. Ke2 Rg8
22. Rag1 Qh7 23. Qh3 h5 24. Bf3 Qf7 25. Rg2 Ba4 26. Kd1 Kb8 27. Rhg1 Rh8 28.
Ne2 Nh7 29. Nf4 Nf8 30. Ne2 Nh7 1/2-1/2

[Event "SweCh Jun"]
[Site "Umeå, Sweden"]
[Date "2003.07.06"]
[Round "7"]
[White "Semcesen, Daniel"]
[Black "Andersson, Fredrik"]
[Result "1-0"]
[WhiteElo "2333"]
[BlackElo "2282"]
[PlyCount "103"]
[EventDate "2003.06.29"]
[SourceDate "2003.06.29"]

1. Nf3 d5 2. g3 Nf6 3. Bg2 c6 4. d3 Bg4 5. h3 Bh5 6. Nbd2 Nbd7 7. O-O e5 8. e4
Bd6 9. Qe1 O-O 10. Nh4 Re8 11. a3 a5 12. Kh1 dxe4 13. Nxe4 Nxe4 14. Bxe4 Nc5
15. Bg2 f6 16. Be3 a4 17. Qc3 Ne6 18. b3 axb3 19. Qxb3 Qd7 20. Rfb1 Reb8 21. a4
Bf7 22. Qc3 Nc7 23. Qe1 Nd5 24. Bd2 Bc5 25. a5 Be6 26. Kh2 Qf7 27. Nf3 Re8 28.
c4 Ne7 29. Rxb7 Qh5 30. d4 Bd6 31. c5 Bb8 32. dxe5 fxe5 33. Ng5 Bd5 34. Ne4
Bxe4 35. Qxe4 Nd5 36. Bf3 Qg6 37. Qxg6 hxg6 38. Bg4 Rf8 39. Kg2 Ba7 40. Rc1 Nf6
41. Be6+ Kh7 42. Rc7 Ne4 43. Be3 Bb8 44. Rxc6 Rxa5 45. Rc4 Nf6 46. Rh4+ Nh5 47.
g4 Ra4 48. Bb3 Rb4 49. Rb6 Re4 50. Bc2 Rc4 51. Rxh5+ Kg8 52. Bxg6 1-0

[Event "SweCh Jun"]
[Site "Umeå, Sweden"]
[Date "2003.07.06"]
[Round "7"]
[White "Åsberg, Anders"]
[Black "Janse, Love"]
[Result "0-1"]
[WhiteElo "2097"]
[BlackElo "2082"]
[PlyCount "102"]
[EventDate "2003.06.29"]
[SourceDate "2003.06.29"]

1. e4 g6 2. d4 Bg7 3. Nc3 c6 4. Be3 d6 5. Qd2 Nd7 6. f3 e5 7. Nge2 Ngf6 8. g4
Qe7 9. O-O-O h5 10. g5 Nh7 11. f4 exf4 12. Bxf4 Nhf8 13. d5 c5 14. h4 Ne5 15.
Ng3 a6 16. Be2 b5 17. Rdf1 Nfd7 18. Nd1 b4 19. Rf2 Nb6 20. Rhf1 Rh7 21. Kb1 Bh3
22. Rh1 Bd7 23. Ne3 a5 24. Qd1 c4 25. Ngf1 c3 26. Bxe5 Bxe5 27. Nc4 Na4 28. b3
Nc5 29. Nxe5 Qxe5 30. Bd3 a4 31. Ne3 axb3 32. cxb3 Qd4 33. Bc4 Qxe3 34. Re2 Qf4
35. e5 dxe5 36. Rf1 Bf5+ 37. Ka1 Qg3 38. Rfe1 e4 39. Qd4 Qd6 40. Re3 Qh2 41.
R3e2 Qd6 42. Re3 Ke7 43. R1e2 Rhh8 44. Kb1 Rhd8 45. Rf2 Ra3 46. Bb5 Nd7 47.
Bxd7 Rxd7 48. Rfe2 Ra5 49. a3 Rxd5 50. Qxb4 Qxb4 51. axb4 Rd3 0-1

[Event "SweCh Jun"]
[Site "Umeå, Sweden"]
[Date "2003.07.06"]
[Round "7"]
[White "Frisk, Markus"]
[Black "Revelj, Oskar"]
[Result "0-1"]
[WhiteElo "1898"]
[BlackElo "2148"]
[PlyCount "120"]
[EventDate "2003.06.29"]
[SourceDate "2003.06.29"]

1. d4 d5 2. c4 dxc4 3. Nc3 e5 4. d5 c6 5. e4 Nf6 6. Bg5 Bc5 7. Bxc4 b5 8. Bb3
b4 9. Na4 Bxf2+ 10. Kxf2 Nxe4+ 11. Ke1 Qxg5 12. Qe2 Nf6 13. Nf3 Qh5 14. dxc6
Nxc6 15. Qc4 Bd7 16. Nc5 Na5 17. Qxb4 Nxb3 18. Nxb3 e4 19. Nfd4 a5 20. Qd6 Qd5
21. Qxd5 Nxd5 22. Nc5 Nf6 23. Nxd7 Nxd7 24. Ke2 O-O 25. Rhc1 Rfc8 26. Nc6 Kf8
27. Rc4 Nb6 28. Rc2 g6 29. Rac1 Ke8 30. g3 f5 31. h4 Kd7 32. Rd1+ Ke6 33. Ke3
h6 34. Nd4+ Kf6 35. Nc6 Kg7 36. Rdd2 Rc7 37. Rc5 Rac8 38. Rdc2 Na4 39. Rxa5
Nxb2 40. Rxb2 Rxc6 41. Ra7+ Kf6 42. a4 g5 43. hxg5+ hxg5 44. a5 Rc3+ 45. Kf2 f4
46. gxf4 gxf4 47. Rab7 Rc2+ 48. Rxc2 Rxc2+ 49. Ke1 Ra2 50. Rb6+ Ke5 51. Rb5+
Kf6 52. Rb4 Kf5 53. Rb5+ Kg4 54. Rb4 Kf3 55. Rb1 Rxa5 56. Kf1 e3 57. Rc1 Ra2
58. Rb1 Rf2+ 59. Kg1 Rg2+ 60. Kh1 Rg8 0-1

[Event "SweCh Jun"]
[Site "Umeå, Sweden"]
[Date "2003.07.07"]
[Round "8"]
[White "Gustafsson, Stefan"]
[Black "Wallin, Dennis"]
[Result "1/2-1/2"]
[WhiteElo "1888"]
[BlackElo "2259"]
[PlyCount "61"]
[EventDate "2003.06.29"]
[SourceDate "2003.06.29"]

1. e4 c6 2. d4 d5 3. e5 Na6 4. Bxa6 Qa5+ 5. c3 Qxa6 6. Ne2 Bf5 7. O-O e6 8. Nd2
Ne7 9. Nb3 b6 10. Ng3 Bg6 11. Be3 h5 12. Re1 Nf5 13. a4 Nxe3 14. fxe3 h4 15.
Nh1 Qc8 16. Nf2 Be7 17. e4 Qd7 18. exd5 cxd5 19. Nd2 Bh5 20. Qb3 O-O 21. Nf1 a6
22. Ne3 Rfb8 23. Nh3 Bg6 24. Qd1 Be4 25. Qg4 b5 26. axb5 axb5 27. Nf4 Rxa1 28.
Rxa1 b4 29. Nh5 Bg6 30. Nf4 bxc3 31. bxc3 1/2-1/2

[Event "SweCh Jun"]
[Site "Umeå, Sweden"]
[Date "2003.07.07"]
[Round "8"]
[White "Andersson, Fredrik"]
[Black "Frisk, Markus"]
[Result "1-0"]
[WhiteElo "2282"]
[BlackElo "1898"]
[PlyCount "65"]
[EventDate "2003.06.29"]
[SourceDate "2003.06.29"]

1. e4 c5 2. Nc3 Nc6 3. Bb5 Nd4 4. Bc4 e6 5. Nf3 Nf6 6. O-O a6 7. d3 b5 8. Bb3
Nxb3 9. axb3 Bb7 10. Bg5 Be7 11. e5 Nd5 12. Bxe7 Nxe7 13. Ne4 Bxe4 14. dxe4 Qc7
15. Qd2 O-O 16. Rfd1 Ra7 17. Qd6 Qxd6 18. Rxd6 Nc6 19. Rad1 Nb8 20. Ne1 Rc8 21.
Rb6 Rac7 22. c4 b4 23. Nd3 f6 24. f4 Kf7 25. Ra1 h6 26. Ra5 Ke7 27. exf6+ Kxf6
28. Rxc5 Rxc5 29. Nxc5 Rxc5 30. Rxb8 a5 31. Kf2 d5 32. exd5 exd5 33. Rb5 1-0

[Event "SweCh Jun"]
[Site "Umeå, Sweden"]
[Date "2003.07.07"]
[Round "8"]
[White "Thurn, Magnus"]
[Black "Attaran, Sina"]
[Result "1/2-1/2"]
[WhiteElo "2122"]
[BlackElo "1909"]
[PlyCount "57"]
[EventDate "2003.06.29"]
[SourceDate "2003.06.29"]

1. e4 e5 2. Nc3 Nc6 3. f4 exf4 4. d4 Qh4+ 5. Ke2 d6 6. Nd5 Bg4+ 7. Nf3 O-O-O 8.
Bxf4 Re8 9. Kd3 Bxf3 10. gxf3 f5 11. Qe1 Qh5 12. Qg3 Qf7 13. Bh3 g6 14. c3 Kb8
15. Rae1 Nge7 16. Nxe7 fxe4+ 17. fxe4 Bxe7 18. b3 Qg7 19. Bd7 Ref8 20. Bxc6
bxc6 21. Rhf1 Rf7 22. Bg5 Bxg5 23. Qxg5 Rhf8 24. Rxf7 Qxf7 25. Qe3 Qf4 26. Qxf4
Rxf4 27. Ke3 Rh4 28. Re2 Rh3+ 29. Kd2 1/2-1/2

[Event "SweCh Jun"]
[Site "Umeå, Sweden"]
[Date "2003.07.07"]
[Round "8"]
[White "Revelj, Oskar"]
[Black "Åsberg, Anders"]
[Result "0-1"]
[WhiteElo "2148"]
[BlackElo "2097"]
[PlyCount "80"]
[EventDate "2003.06.29"]
[SourceDate "2003.06.29"]

1. d4 Nf6 2. c4 c5 3. d5 b5 4. cxb5 a6 5. bxa6 Bxa6 6. Nc3 g6 7. g3 Bg7 8. Nh3
d6 9. Nf4 Nbd7 10. h4 h5 11. Bh3 Ne5 12. Qc2 Qb6 13. O-O O-O 14. Rb1 Rfb8 15.
b3 Ra7 16. Bd2 Rab7 17. Rfc1 Nfg4 18. Be1 Bh6 19. Ne4 Bb5 20. Ng5 Bd7 21. Bg2
c4 22. b4 Qb5 23. Bc3 Ra7 24. Be4 Nf6 25. Bg2 Rba8 26. Rb2 Ra3 27. Ra1 Bg7 28.
e4 Ne8 29. Kh1 Rxc3 30. Qxc3 Nd3 31. Qc2 Bxb2 32. Rb1 Nxf4 33. Rxb2 Nd3 34. Rb1
Nc7 35. Bf3 Ra3 36. Qe2 Qa4 37. Bxh5 Rxa2 38. Qe3 Qc2 39. Rf1 Nxf2+ 40. Kg1
Nh3+ 0-1

[Event "SweCh Jun"]
[Site "Umeå, Sweden"]
[Date "2003.07.07"]
[Round "8"]
[White "Ong, Kezli"]
[Black "Nilsson, Sebastian"]
[Result "1-0"]
[WhiteElo "2241"]
[BlackElo "2198"]
[PlyCount "105"]
[EventDate "2003.06.29"]
[SourceDate "2003.06.29"]

1. e4 e6 2. d3 d5 3. Nd2 c5 4. Ngf3 Nc6 5. g3 Bd6 6. Bg2 Nge7 7. O-O Qc7 8. Re1
O-O 9. Qe2 f6 10. c3 Bd7 11. a3 a5 12. a4 Be8 13. Nb1 Bf7 14. Na3 Qd7 15. Nb5
Bb8 16. Bh3 Re8 17. Be3 b6 18. exd5 Nxd5 19. d4 Qe7 20. dxc5 bxc5 21. Qc4 Nxe3
22. Rxe3 Na7 23. Rae1 e5 24. Qe4 Bd6 25. Nxd6 Qxd6 26. Rd3 Qb6 27. Rd7 Rab8 28.
Red1 Nc8 29. R1d2 Ne7 30. Bf1 Bg6 31. Qc4+ Kf8 32. Nh4 Bb1 33. Bd3 Bxd3 34.
Qxd3 Kg8 35. Qc4+ Kf8 36. Qe4 Kg8 37. Qc4+ Kf8 38. Nf5 Qb3 39. Qxc5 Qe6 40.
Nxe7 Rxe7 41. Rxe7 Qxe7 42. Qxa5 f5 43. Rd5 Rxb2 44. Rd8+ Kf7 45. Qd5+ Kf6 46.
Rd6+ Kg5 47. h4+ Kg4 48. Rd7 Qf6 49. Kg2 f4 50. Qf3+ Kf5 51. g4+ Kg6 52. Qe4+
Kh6 53. g5+ 1-0

[Event "SweCh Jun"]
[Site "Umeå, Sweden"]
[Date "2003.07.07"]
[Round "8"]
[White "Andersson Fraenkel, Mikael"]
[Black "Semcesen, Daniel"]
[Result "1/2-1/2"]
[WhiteElo "2074"]
[BlackElo "2333"]
[PlyCount "111"]
[EventDate "2003.06.29"]
[SourceDate "2003.06.29"]

1. e4 c5 2. Nf3 Nc6 3. d4 cxd4 4. Nxd4 Nf6 5. Nc3 e5 6. Ndb5 d6 7. Nd5 Nxd5 8.
exd5 Nb8 9. c4 a6 10. Nc3 Be7 11. Be2 O-O 12. O-O Nd7 13. Kh1 f5 14. f4 Bf6 15.
Be3 exf4 16. Bxf4 Be5 17. Bxe5 Nxe5 18. Qd4 Bd7 19. b4 Rf6 20. Rac1 Rh6 21. h3
Qf6 22. Bd1 Rf8 23. Ne2 g5 24. Rc3 f4 25. Ng1 g4 26. Qd2 gxh3 27. Nxh3 f3 28.
Rcxf3 Nxf3 29. Rxf3 Qg7 30. Rxf8+ Qxf8 31. Qd3 Qf4 32. Bc2 Qf2 33. Qxh7+ Rxh7
34. Bxh7+ Kxh7 35. Nxf2 Kg6 36. Ne4 b6 37. Nxd6 Kf6 38. c5 Ke5 39. Nb7 bxc5 40.
Nxc5 Bc8 41. a3 Kxd5 42. Na4 Bf5 43. Kg1 Kc4 44. Nc5 Bc8 45. Kf2 a5 46. Kf3
axb4 47. axb4 Kxb4 48. Ne4 Bd7 49. Kf4 Kc4 50. Nd6+ Kd5 51. Nf5 Ke6 52. Kg5 Kf7
53. g4 Be6 54. Kf4 Bd7 55. g5 Bxf5 56. Kxf5 1/2-1/2

[Event "SweCh Jun"]
[Site "Umeå, Sweden"]
[Date "2003.07.08"]
[Round "9"]
[White "Nilsson, Sebastian"]
[Black "Gustafsson, Stefan"]
[Result "1-0"]
[WhiteElo "2198"]
[BlackElo "1888"]
[PlyCount "49"]
[EventDate "2003.06.29"]
[SourceDate "2003.06.29"]

1. e4 e6 2. d4 d5 3. Nc3 Bb4 4. Bd3 Ne7 5. Nge2 c5 6. dxc5 Nbc6 7. O-O Bxc5 8.
exd5 exd5 9. Nf4 Bd4 10. Re1 O-O 11. Qf3 Be6 12. Nb5 Qd7 13. Nxd4 Nxd4 14. Qd1
Ndf5 15. b3 Rad8 16. Bb2 Ng6 17. Qd2 Nfh4 18. Bxg7 Nxg2 19. Nh5 Nxe1 20. Rxe1
f5 21. Bxf8 Rxf8 22. Bf1 Qf7 23. Bg2 Re8 24. Bxd5 Kf8 25. Qh6+ 1-0

[Event "SweCh Jun"]
[Site "Umeå, Sweden"]
[Date "2003.07.08"]
[Round "9"]
[White "Åsberg, Anders"]
[Black "Andersson, Fredrik"]
[Result "0-1"]
[WhiteElo "2097"]
[BlackElo "2282"]
[PlyCount "74"]
[EventDate "2003.06.29"]
[SourceDate "2003.06.29"]

1. e4 c6 2. d4 d5 3. Nc3 dxe4 4. Nxe4 Bf5 5. Ng3 Bg6 6. h4 h6 7. N1e2 Nf6 8.
Nf4 Bh7 9. c3 e6 10. Qb3 Qb6 11. Bd3 Bxd3 12. Nxd3 Nbd7 13. Be3 Bd6 14. Ne2 O-O
15. Qc2 Qa6 16. Rh3 Rfe8 17. f3 e5 18. Kf2 Nd5 19. Bd2 e4 20. fxe4 Rxe4 21. c4
N5f6 22. c5 Bc7 23. Re1 Qxa2 24. Nc3 Qc4 25. Ne5 Qxd4+ 26. Be3 Rxe3 27. Rhxe3
Nxe5 28. Kf1 Neg4 29. Re7 Bg3 30. Rd1 Nh2+ 31. Ke2 Qf2+ 32. Kd3 Rd8+ 33. Kc4
Qxc2 34. Rxd8+ Kh7 35. Rxb7 Nhg4 36. Rc8 Ne5+ 37. Kd4 Qd3# 0-1

[Event "SweCh Jun"]
[Site "Umeå, Sweden"]
[Date "2003.07.08"]
[Round "9"]
[White "Wallin, Dennis"]
[Black "Thurn, Magnus"]
[Result "1-0"]
[WhiteElo "2259"]
[BlackElo "2122"]
[PlyCount "103"]
[EventDate "2003.06.29"]
[SourceDate "2003.06.29"]

1. d4 e6 2. e4 d5 3. Nd2 dxe4 4. Nxe4 Bd7 5. Nf3 Bc6 6. Bd3 Nd7 7. c4 Ngf6 8.
Nc3 Bxf3 9. Qxf3 c6 10. O-O Qb6 11. d5 Ne5 12. Qe2 Qd4 13. Rd1 Nxd3 14. Rxd3
Qxc4 15. dxe6 Qg4 16. exf7+ Kxf7 17. Qxg4 Nxg4 18. Rd7+ Kg6 19. h3 Ne5 20. Rxb7
Bc5 21. Be3 Bxe3 22. fxe3 Rhd8 23. Rd1 Rxd1+ 24. Nxd1 Rd8 25. Nf2 Rd7 26. Rxd7
Nxd7 27. Nd3 Kf5 28. Kf2 Ke4 29. Ke2 c5 30. b3 g5 31. Nb2 Nf6 32. Na4 Kd5 33.
Nc3+ Kc6 34. Kd3 h6 35. g4 Nd5 36. Nxd5 Kxd5 37. a3 a5 38. a4 Ke5 39. Kc4 Ke4
40. Kxc5 Kxe3 41. b4 axb4 42. Kxb4 Kf3 43. a5 Kg3 44. a6 Kxh3 45. a7 Kxg4 46.
a8=Q h5 47. Qg2+ Kf4 48. Qh2+ Kg4 49. Kc3 h4 50. Kd3 Kf3 51. Qh3+ Kf2 52. Ke4
1-0

[Event "SweCh Jun"]
[Site "Umeå, Sweden"]
[Date "2003.07.08"]
[Round "9"]
[White "Frisk, Markus"]
[Black "Andersson Fraenkel, Mikael"]
[Result "1/2-1/2"]
[WhiteElo "1898"]
[BlackElo "2074"]
[PlyCount "88"]
[EventDate "2003.06.29"]
[SourceDate "2003.06.29"]

1. d4 Nf6 2. c4 e6 3. Nf3 b6 4. Nc3 Bb7 5. e3 Bb4 6. Bd2 O-O 7. Bd3 c5 8. O-O
d6 9. a3 Bxc3 10. Bxc3 Nbd7 11. Rc1 Rc8 12. b3 Qe7 13. Bb1 Ne4 14. Bb2 f5 15.
Qe2 Ndf6 16. Nd2 Ng5 17. Rfd1 Rce8 18. Nf1 Ba8 19. f3 h5 20. Rd2 h4 21. h3 Nf7
22. Rcd1 g5 23. b4 cxd4 24. Bxd4 e5 25. Bb2 e4 26. fxe4 Bxe4 27. Bxe4 Nxe4 28.
Qh5 Ne5 29. Bxe5 Qxe5 30. Rd3 Qh8 31. Qxh8+ Kxh8 32. Nd2 Rf6 33. Nxe4 Rxe4 34.
Rxd6 Rxd6 35. Rxd6 Rxc4 36. Rd8+ Kg7 37. Rd7+ Kf6 38. Rxa7 Rc3 39. Ra6 Ke5 40.
a4 Ra3 41. a5 Ra1+ 42. Kf2 g4 43. hxg4 fxg4 44. Rxb6 Ra2+ 1/2-1/2